Bear bile business (Registro nro. 3490)

Detalles MARC
000 -CABECERA
Campo de control 00595nam a2200181 a 4500
005 - FECHA Y HORA DE LA ULTIMA TRANSACCION
Campo de control 20171127150114.0
008 - ELEMENTOS DE LONGITUD FIJA—INFORMACION GENERAL
Campo de control 140311b2002 enkado||r|||| 00| 0 eng d
040 ## - FUENTE DE CATALOGACIÓN
Agencia catalogadora original CO-BoIAVH
Agencia transcriptora CO-BoIAVH
041 ## - IDIOMA
Código de idioma para texto/pista de sonido o título separado Inglés
044 ## - PAÍS DE PUBLICACIÓN
País de publicación Inglaterra
082 ## - NUMERO DE CLASIFICACION DECIMAL DEWEY
Número de clasificación 599.781788
Número del ítem B36w
100 ## - ASIENTO PRINCIPAL--NOMBRE PERSONAL
Nombre personal Bhiksu, Wu Hung
245 ## - MENCION DE TITULO
Título Bear bile business
Parte restante del título Global trade in bear products from China to Asia and beyond
260 ## - PUBLICACION, DISTRIBUCION, ETC. (PIE DE IMPRENTA)
Lugar de publicación, distribución, etc. London
Nombre del editor, distribuidor, etc. WSPA
Fecha de publicación, distribución, etc. 2002
300 ## - DESCRIPCION FISICA
Extensión 248 páginas.
Otros detalles físicos ilustraciones, gráficas y fotografías.
Dimensiones 30 x 21 cm.
700 ## - ASIENTO SECUNDARIO - NOMBRE PERSONAL
Nombre personal Phillips, Tim, Wilson, Philip.
Término de relación editores.
942 ## - ELEMENTOS ADICIONALES (KOHA)
Tipo de ítem Libro
Sistema de clasificación Dewey Decimal Classification
Existencias
Withdrawn status Lost status Sistema de Clasificación Damaged status No para préstamo Colección Fecha publicación (Año) Ubicación Permanente Ubicación actual Fecha de adquisición Total Checkouts Número topográfico Inventario / Código de Barras Date last seen Ejemplar Price effective from Forma de adquisición Tipo de material
    Dewey Decimal Classification     General 2002 Bogotá Bogotá 04/12/2012   LB-599.781788 B36w 014827 04/12/2012 Ej. 1 04/12/2012 Donación Libro